00820nam a22002297a 45000010005000000030006000050050017000110080041000280200018000690400029000870500016001160820013001321000019001452450113001642600032002773000047003095050007003565200147003635210027005105210018005376500035005558986FISKH20251112154522.0251112b cb ||||| |||| 00| 0 eng d a9788956355085 aFISKHbengcFISKHdFISKH aPZ8.G66 M55 a398.2454 aSormark, Julie aThe goose that laid the golden egg : bThough the art style of Vincent Van Gogh / cRetold by Julie Sormark  aSeoul : bEfuture, c2010.  a39 pages : bcolor illustrations ; c24 cm aJ  aEach title in this series is a classic story or fable, retold with simple text to delight and inspire any child who is just beginning to read.8 a500 bLexile estimate 8 aJ bRaz-Plus  aFolktales - AesopsxGolden Egg